<?xml version="1.0" encoding="UTF-8"?>
<record
    xmlns:xsi="http://www.w3.org/2001/XMLSchema-instance"
    xsi:schemaLocation="http://www.loc.gov/MARC21/slim http://www.loc.gov/standards/marcxml/schema/MARC21slim.xsd"
    xmlns="http://www.loc.gov/MARC21/slim">

  <leader>00683nam a22002177a 4500</leader>
  <controlfield tag="005">20241206145201.0</controlfield>
  <controlfield tag="008">240528b           ||||| |||| 00| 0 eng d</controlfield>
  <datafield tag="020" ind1=" " ind2=" ">
    <subfield code="a">9789354337819</subfield>
  </datafield>
  <datafield tag="040" ind1=" " ind2=" ">
    <subfield code="c">AIMIT LIBRARY</subfield>
  </datafield>
  <datafield tag="082" ind1=" " ind2=" ">
    <subfield code="a">332.12 </subfield>
    <subfield code="b">GORE</subfield>
  </datafield>
  <datafield tag="100" ind1=" " ind2=" ">
    <subfield code="a">Gordon,E.</subfield>
    <subfield code="9">168225</subfield>
  </datafield>
  <datafield tag="245" ind1=" " ind2=" ">
    <subfield code="a">Banking:</subfield>
    <subfield code="b">theory law and practice /</subfield>
    <subfield code="c">by E. Gordon and K. Natarajan.</subfield>
  </datafield>
  <datafield tag="250" ind1=" " ind2=" ">
    <subfield code="a">29th ed.</subfield>
  </datafield>
  <datafield tag="260" ind1=" " ind2=" ">
    <subfield code="a">Mumbai :</subfield>
    <subfield code="b">Himalaya Publishing House ,</subfield>
    <subfield code="c">2023.</subfield>
  </datafield>
  <datafield tag="300" ind1=" " ind2=" ">
    <subfield code="a">391 p.;</subfield>
    <subfield code="b">PB</subfield>
    <subfield code="c">29.3 cm.</subfield>
  </datafield>
  <datafield tag="650" ind1=" " ind2=" ">
    <subfield code="a">Banker and customer</subfield>
    <subfield code="9">168226</subfield>
  </datafield>
  <datafield tag="650" ind1=" " ind2=" ">
    <subfield code="a">Pass Book</subfield>
    <subfield code="9">168227</subfield>
  </datafield>
  <datafield tag="650" ind1=" " ind2=" ">
    <subfield code="a">Bank Customers special types</subfield>
    <subfield code="9">168228</subfield>
  </datafield>
  <datafield tag="700" ind1=" " ind2=" ">
    <subfield code="a">Natarajan, K.</subfield>
    <subfield code="9">168229</subfield>
  </datafield>
  <datafield tag="942" ind1=" " ind2=" ">
    <subfield code="2">ddc</subfield>
    <subfield code="c">BK</subfield>
    <subfield code="e">29th</subfield>
    <subfield code="k">332.12 GORE</subfield>
  </datafield>
  <datafield tag="999" ind1=" " ind2=" ">
    <subfield code="c">230950</subfield>
    <subfield code="d">230950</subfield>
  </datafield>
  <datafield tag="952" ind1=" " ind2=" ">
    <subfield code="0">0</subfield>
    <subfield code="1">0</subfield>
    <subfield code="2">ddc</subfield>
    <subfield code="4">0</subfield>
    <subfield code="7">0</subfield>
    <subfield code="8">MBA</subfield>
    <subfield code="a">AIMIT</subfield>
    <subfield code="b">AIMIT</subfield>
    <subfield code="d">2024-05-23</subfield>
    <subfield code="e">Biblios Book Point</subfield>
    <subfield code="g">425.00</subfield>
    <subfield code="i">Bill no:861; Bill dt:2024-05-17</subfield>
    <subfield code="l">3</subfield>
    <subfield code="o">332.12 GORE</subfield>
    <subfield code="p">MBA14757</subfield>
    <subfield code="r">2026-05-23 00:00:00</subfield>
    <subfield code="s">2025-10-09</subfield>
    <subfield code="v">340.00</subfield>
    <subfield code="w">2024-05-28</subfield>
    <subfield code="y">BK</subfield>
  </datafield>
  <datafield tag="952" ind1=" " ind2=" ">
    <subfield code="0">0</subfield>
    <subfield code="1">0</subfield>
    <subfield code="2">ddc</subfield>
    <subfield code="4">0</subfield>
    <subfield code="7">0</subfield>
    <subfield code="8">MBA</subfield>
    <subfield code="a">AIMIT</subfield>
    <subfield code="b">AIMIT</subfield>
    <subfield code="d">2024-05-23</subfield>
    <subfield code="e">Biblios Book Point</subfield>
    <subfield code="g">425.00</subfield>
    <subfield code="i">Bill no:861; Bill dt:2024-05-17</subfield>
    <subfield code="l">1</subfield>
    <subfield code="o">332.12 GORE</subfield>
    <subfield code="p">MBA14758</subfield>
    <subfield code="r">2026-05-23 00:00:00</subfield>
    <subfield code="s">2025-09-09</subfield>
    <subfield code="v">340.00</subfield>
    <subfield code="w">2024-05-28</subfield>
    <subfield code="y">BK</subfield>
  </datafield>
  <datafield tag="952" ind1=" " ind2=" ">
    <subfield code="0">0</subfield>
    <subfield code="1">0</subfield>
    <subfield code="2">ddc</subfield>
    <subfield code="4">0</subfield>
    <subfield code="7">0</subfield>
    <subfield code="8">MBA</subfield>
    <subfield code="a">AIMIT</subfield>
    <subfield code="b">AIMIT</subfield>
    <subfield code="d">2024-05-23</subfield>
    <subfield code="e">Biblios Book Point</subfield>
    <subfield code="g">425.00</subfield>
    <subfield code="i">Bill no:861; Bill dt:2024-05-17</subfield>
    <subfield code="l">1</subfield>
    <subfield code="o">332.12 GORE</subfield>
    <subfield code="p">MBA14759</subfield>
    <subfield code="r">2026-05-23 00:00:00</subfield>
    <subfield code="s">2025-09-04</subfield>
    <subfield code="v">340.00</subfield>
    <subfield code="w">2024-05-28</subfield>
    <subfield code="y">BK</subfield>
  </datafield>
  <datafield tag="952" ind1=" " ind2=" ">
    <subfield code="0">0</subfield>
    <subfield code="1">0</subfield>
    <subfield code="2">ddc</subfield>
    <subfield code="4">0</subfield>
    <subfield code="7">0</subfield>
    <subfield code="8">MBA</subfield>
    <subfield code="a">AIMIT</subfield>
    <subfield code="b">AIMIT</subfield>
    <subfield code="d">2024-05-23</subfield>
    <subfield code="e">Biblios Book Point</subfield>
    <subfield code="g">425.00</subfield>
    <subfield code="i">Bill no:861; Bill dt:2024-05-17</subfield>
    <subfield code="l">3</subfield>
    <subfield code="o">332.12 GORE</subfield>
    <subfield code="p">MBA14760</subfield>
    <subfield code="r">2026-05-23 00:00:00</subfield>
    <subfield code="s">2025-10-09</subfield>
    <subfield code="v">340.00</subfield>
    <subfield code="w">2024-05-28</subfield>
    <subfield code="y">BK</subfield>
  </datafield>
</record>
